ஸ்ரீ சபாிமலை சாஸ்தாவின்: வரலாறும் பஜன் பாடல்களும்/

Saved in:
Bibliographic Details
Main Author: தேவநாத,ஸ்ரீ
Format: Book
Language:English
Tamil
Published: சென்னை; நர்மதா பதிப்பகம், 2022
Subjects:
Tags: Add Tag
No Tags, Be the first to tag this record!

MARC

LEADER 00000nam a22000007a 4500
005 20260409112411.0
008 260409b |||||||| |||| 00| 0 eng d
041 |a tam  |h tam 
082 |a 294.5  |b தேவநா 
100 |a தேவநாத,ஸ்ரீ.  |9 117070 
245 |a ஸ்ரீ சபாிமலை சாஸ்தாவின்:  |b வரலாறும் பஜன் பாடல்களும்/  |c ஸ்ரீ.தேவநாத. 
260 |a சென்னை;  |b நர்மதா பதிப்பகம்,  |c 2022 
300 |a 184p.:  |b ill;  |c 17.5.cm 
500 |a Purchased 
650 |a இந்து மதம் 
942 |c BK 
999 |c 71154  |d 71154